Statistics for Top 20 Most Hated Countries

Click here to take the quiz!

General Stats

  • This quiz has been taken 59 times
  • The average score is 11 of 20

Answer Stats

ContinentCountry% Correct
AsiaChina
85%
AsiaNorth Korea
83%
AsiaSaudi Arabia
77%
Europe/AsiaTurkey
77%
AsiaIsrael
75%
AsiaPakistan
65%
AsiaIndia
63%
AfricaNiger
56%
AfricaSomalia
56%
AsiaYemen
54%
AfricaSudan
52%
AsiaQatar
50%
AfricaSouth Sudan
48%
AsiaUnited Arab Emirates
46%
AsiaBangladesh
42%
AsiaKuwait
40%
AfricaChad
38%
AfricaAngola
23%
AfricaMauritania
23%
AsiaAzerbaijan
21%

Score Distribution

Percentile by Number Answered

Percent of People with Each Score

Your Score History

You have not taken this quiz